Efecto invernadero
Saved in:
| Main Author: | |
|---|---|
| Format: | Book |
| Language: | Undetermined |
| Published: |
San José, Costa Rica
Editorial Costa Rica
2001
|
| Subjects: | |
| Tags: |
Add Tag
No Tags, Be the first to tag this record!
|
MARC
| LEADER | 00000nam a2200000Ia 4500 | ||
|---|---|---|---|
| 008 | 170316s9999 xx 000 0 und d | ||
| 040 | |a cru BVZT | ||
| 090 | |a 868 F-2.1e | ||
| 100 | |a Fernández, Guillermo | ||
| 245 | |a Efecto invernadero | ||
| 260 | |a San José, Costa Rica | ||
| 260 | |b Editorial Costa Rica | ||
| 260 | |c 2001 | ||
| 300 | |a 168 páginas | ||
| 650 | |a LITERATURA COSTARRICENSE | ||
| 650 | |a CUENTOS | ||
| 999 | |c 11023 |d 11023 | ||
| 942 | |c 15 D |h 868 F-2.1e |2 z | ||
